01357nam a2200337 a 4500001001200000003000800012006001900020007001500039008004100054015001500095016001900110020002100129040002100150035002000171050002900191082001600220100001900236245009400255260006900349300002400418490005400442504005100496533015200547650004900699655002900748700002300777700002100800710001700821830005500838856012600893ebr10002874CaPaEBRm u cr cn|||||||||010810s2001 enka sb o001 0 eng  aGBA1-464597 a92211139652Uk z9221113965(pbk.) aCaPaEBRcCaPaEBR a(OCoLC)7076913614aHD5710.75.S6bH39 2001eb04a330.9682211 aHayter, Susan.10aSouth Africah[electronic resource] /cSusan Hayter, Gerhard Reinecke and Raymond Torres. aGeneva ;a[Great Britain] :bInternational Labour Office,c2001. axvi, 117 p. :bill.1 aStudies on the social dimensions of globalization aIncludes bibliographical references and index. aElectronic reproduction.bPalo Alto, Calif. :cebrary,d2013.nAvailable via World Wide Web.nAccess may be limited to ebrary affiliated libraries. 0aGlobalizationxSocial aspectszSouth Africa. 7aElectronic books.2local1 aReinecke, Gerhard.1 aTorres, Raymond.2 aebrary, Inc. 0aStudies on the social dimensions of globalization.40uhttp://site.ebrary.com/lib/rucke/Doc?id=10002874zAn electronic book accessible through the World Wide Web; click to view